000
00307nam a2200109Ia 4500
008
210430s9999 xx 000 0 und d
020
_a
9780195471670
082
_a
327.5491 S2531 P
100
_a
Abdul Sattar
_9
53683
245
_a
PakistanΓÇÖs Foreign Policy,1947-2005
_c
Abdul Sattar
942
_c
BK
_2
ddc
999
_c
563853
_d
563853